| 000 | 00848nam a2200217Ia 4500 | ||
|---|---|---|---|
| 001 | 14623 | ||
| 005 | 20260323155942.0 | ||
| 008 | 260306t2015||||xx |||||||||||||| ||spa|| | ||
| 041 | _aESP | ||
| 082 |
_a515.35 _bO52 2015 |
||
| 100 |
_aO'neil, Peter V. _eAUT |
||
| 245 | 0 | _aMatemáticas avanzadas para ingeniería | |
| 260 | _c2015 | ||
| 300 |
_avarias paginaciones : _c27 cm. |
||
| 650 | _aGEN | ||
| 654 | _aCMA | ||
| 856 |
_uhttps://itmsp.museknowledge.com/UCSP?url=https://www.ebooks7-24.com:443/?il=1313&pg=1 _zVersión digital |
||
| 856 |
_uhttps://0u213tqwt-y-https-ebooks7--24-com.itmsp.museknowledge.com/biblioteca.aspx _zVéase además: Base de datos Ebook7-24 |
||
| 856 |
_uhttps://0u21dtqwy-y-https-ebooks-editorialmacro-com.itmsp.museknowledge.com/library _zVéase además: Base de datos Macro Digital |
||
| 942 |
_cLIB _dJUS _fJUS _2ddc |
||
| 999 |
_c14623 _d14623 |
||